Loving the machine : The art and science of Japanese robots

Loving the Machine attempts to answer this fundamental query by looking at Japan's historical connections with robots, its present fascination and leading technologies, and what the future holds. Through in-depth interviews with scientists, researchers, historians, artists, writers and others i...

সম্পূর্ণ বিবরণ

সংরক্ষণ করুন:
গ্রন্থ-পঞ্জীর বিবরন
প্রধান লেখক: Hornyak, Timothy N.
বিন্যাস: গ্রন্থ
ভাষা:Undetermined
প্রকাশিত: Tokyo Kodansha International 2006
বিষয়গুলি:
ট্যাগগুলো: ট্যাগ যুক্ত করুন
কোনো ট্যাগ নেই, প্রথমজন হিসাবে ট্যাগ করুন!
Thư viện lưu trữ: Trung tâm Học liệu Trường Đại học Cần Thơ
LEADER 01435nam a2200241Ia 4500
001 CTU_187352
008 210402s9999 xx 000 0 und d
020 |c 1.99 
082 |a 629.8 
082 |b H813 
100 |a Hornyak, Timothy N. 
245 0 |a Loving the machine : 
245 4 |b The art and science of Japanese robots 
245 0 |c Timothy N. Hornyak 
260 |a Tokyo 
260 |b Kodansha International 
260 |c 2006 
520 |a Loving the Machine attempts to answer this fundamental query by looking at Japan's historical connections with robots, its present fascination and leading technologies, and what the future holds. Through in-depth interviews with scientists, researchers, historians, artists, writers and others involved with or influenced by robots today, author Timothy N. Hornyak looks at robots in Japan from the perspectives of culture, psychology and history, as well as technology; and brings understanding to an endlessly evolving subject. From the Edo-period humanoid automatons, through popular animation icons and into the high tech labs of today's researchers into robotic action and intelligence, the author traces a fascinating trail of passion and development. 
650 |a Robotics,Robot 
650 |x Design and construction,Thiết kế và xây dựng 
650 |z Japan,Nhật Bản 
904 |i Qhieu 
980 |a Trung tâm Học liệu Trường Đại học Cần Thơ